[Event "Grand Pacifc op"]
[Site "Victoria CAN"]
[Date "2022.04.15"]
[Round "1.7"]
[White "Javidfard, Amirsalar"]
[Black "Taylor, Ashton"]
[Result "1-0"]
[WhiteElo "2197"]
[BlackElo "1875"]
[PlyCount "65"]
[EventDate "2022.04.15"]
[EventType "swiss"]
[EventRounds "6"]
[EventCountry "CAN"]

1. d4 d5 2. c4 e6 3. Nc3 Nf6 4. Nf3 Bb4 5. g3 dxc4 6. Bg2 O-O 7. O-O Nbd7 8.
Qc2 Rb8 9. e4 b5 10. e5 Nd5 11. Ng5 g6 12. Bxd5 exd5 13. Nxd5 Be7 14. h4 Nb6
15. Nxe7+ Qxe7 16. Ne4 Nd5 17. a4 c6 18. Bg5 Qd7 19. axb5 cxb5 20. Qd2 f5 21.
exf6 a6 22. Rae1 Qc6 23. Bh6 Rf7 24. Bg7 Bh3 25. h5 Rxg7 26. fxg7 gxh5 27. Qg5
Bxf1 28. Kxf1 Rb6 29. Nd6 Rb8 30. Nf5 Qg6 31. Nh6+ Kxg7 32. Qxd5 Rf8 33. Re6
1-0

[Event "Grand Pacifc op"]
[Site "Victoria CAN"]
[Date "2022.04.15"]
[Round "1.8"]
[White "Wu, Charles"]
[Black "Setiadiurnia, Sloan"]
[Result "0-1"]
[WhiteElo "1885"]
[BlackElo "2113"]
[PlyCount "48"]
[EventDate "2022.04.15"]
[EventType "swiss"]
[EventRounds "6"]
[EventCountry "CAN"]

1. d4 d5 2. Bf4 c5 3. e4 dxe4 4. d5 Nf6 5. Nc3 a6 6. Qe2 e6 7. O-O-O exd5 8. f3
d4 9. Bg5 e3 10. Bxe3 Be7 11. Bg5 O-O 12. Bxf6 Bxf6 13. Ne4 Be7 14. h4 Be6 15.
Nh3 Qa5 16. Nhg5 Qxa2 17. f4 c4 18. Nxe6 c3 19. bxc3 Ba3+ 20. Kd2 Qxe6 21. cxd4
Nc6 22. c3 Rfe8 23. Re1 Nxd4 24. cxd4 Bb4+ 0-1

[Event "Grand Pacifc op"]
[Site "Victoria CAN"]
[Date "2022.04.15"]
[Round "1.9"]
[White "Lin, Leo"]
[Black "Trenton, Isaac"]
[Result "1-0"]
[WhiteElo "2083"]
[BlackElo "1833"]
[PlyCount "135"]
[EventDate "2022.04.15"]
[EventType "swiss"]
[EventRounds "6"]
[EventCountry "CAN"]

1. e4 c5 2. Nc3 e6 3. g3 a6 4. Bg2 Nc6 5. Nge2 Nf6 6. O-O Be7 7. d4 cxd4 8.
Nxd4 Qc7 9. Be3 O-O 10. f4 d6 11. Kh1 Bd7 12. f5 Nxd4 13. Qxd4 e5 14. Qd2 Bc6
15. Bg5 Rfd8 16. Rad1 b5 17. a3 Rac8 18. h3 Qb7 19. Nd5 Bxd5 20. exd5 Nh5 21.
Kh2 a5 22. g4 Nf6 23. Bxf6 Bxf6 24. g5 Be7 25. f6 Bf8 26. fxg7 Bxg7 27. Be4 Rc4
28. Qe2 Qe7 29. b3 Rxe4 30. Qxe4 Qxg5 31. Rg1 Qh5 32. Rd3 f5 33. Qg2 Qh6 34.
Rg3 Rd7 35. Rg5 Rf7 36. Qf1 e4 37. Qxb5 Kf8 38. Qb8+ Ke7 39. Qc7+ Ke8 40. Qc8+
Ke7 41. Rxg7 Rxg7 42. Qc7+ Kf8 43. Qd8+ Kf7 44. Qd7+ Kf8 45. Qxf5+ Ke7 46.
Qxe4+ Kd8 47. Re1 Rd7 48. Qe3 Qg6 49. c4 Qf7 50. Re2 h5 51. Qb6+ Kc8 52. Qe3
Kd8 53. b4 axb4 54. axb4 Kc8 55. Qe8+ Kb7 56. Qxf7 Rxf7 57. Re4 Rf3 58. Kg2 Rb3
59. c5 dxc5 60. bxc5 Rb5 61. c6+ Kc7 62. Re7+ Kd6 63. Rd7+ Ke5 64. c7 Rc5 65.
d6 Kf4 66. Rf7+ Ke3 67. d7 h4 68. d8=Q 1-0

[Event "Grand Pacifc op"]
[Site "Victoria CAN"]
[Date "2022.04.15"]
[Round "2.1"]
[White "Setiadikurnia, Sloan"]
[Black "Doknjas, John"]
[Result "0-1"]
[WhiteElo "2113"]
[BlackElo "2314"]
[PlyCount "108"]
[EventDate "2022.04.15"]
[EventType "swiss"]
[EventRounds "6"]
[EventCountry "CAN"]

1. d4 Nf6 2. c4 e6 3. Nc3 Bb4 4. e3 O-O 5. Bd2 d5 6. Nf3 b6 7. Rc1 Ba6 8. Qa4
Be7 9. Be2 dxc4 10. Bxc4 Bb7 11. Be2 Nbd7 12. O-O a6 13. Rfd1 c5 14. Qc2 b5 15.
dxc5 Bxc5 16. a3 Rc8 17. Qb1 Qe7 18. b4 Bd6 19. e4 Ne5 20. Bg5 Nxf3+ 21. Bxf3
Be5 22. Ne2 h6 23. Bf4 Bxf4 24. Nxf4 Rxc1 25. Rxc1 Rd8 26. Re1 Rd4 27. Ne2 Bxe4
28. Bxe4 Rxe4 29. Ng3 Rxe1+ 30. Qxe1 Qd6 31. h3 Qd3 32. Qc1 Kh7 33. Qc7 Qxa3
34. Qxf7 Qxb4 35. Qxe6 Qb1+ 36. Kh2 b4 37. f3 b3 38. Ne4 Nxe4 39. fxe4 Qd3 40.
Qf5+ Kg8 41. Qc8+ Kf7 42. Qf5+ Ke7 43. Qe5+ Kd7 44. Qxg7+ Ke6 45. e5 b2 46.
Qxh6+ Kd5 47. Qd6+ Kc4 48. Qxa6+ Kc3 49. Qa3+ Kc2 50. Qc5+ Kd1 51. Qg1+ Ke2 52.
e6 b1=Q 53. e7 Qxg1+ 54. Kxg1 Qe4 0-1

[Event "Grand Pacifc op"]
[Site "Victoria CAN"]
[Date "2022.04.15"]
[Round "2.2"]
[White "Hempstapat, Andrew"]
[Black "Lin, Leo"]
[Result "0-1"]
[WhiteElo "2245"]
[BlackElo "2083"]
[PlyCount "132"]
[EventDate "2022.04.15"]
[EventType "swiss"]
[EventRounds "6"]
[EventCountry "CAN"]

1. e4 c5 2. Nf3 d6 3. d4 cxd4 4. Nxd4 Nf6 5. Nc3 a6 6. Bg5 e6 7. f4 Be7 8. Qf3
Qc7 9. O-O-O Nbd7 10. g4 b5 11. Bxf6 Nxf6 12. g5 Nd7 13. f5 Bxg5+ 14. Kb1 Ne5
15. Qh5 Qe7 16. Nxe6 Bxe6 17. fxe6 g6 18. exf7+ Kxf7 19. Qe2 Kg7 20. Nd5 Qd8
21. Bh3 Rf8 22. Be6 Re8 23. h4 Bxh4 24. Nf4 Qg5 25. Rdf1 Bg3 26. Rhg1 Qh4 27.
Ng2 Qg5 28. Bd5 Rac8 29. Nf4 Bxf4 30. Rxg5 Bxg5 31. a4 Rb8 32. a5 h5 33. Qg2
Kh6 34. Rg1 Be3 35. Re1 Bg5 36. Qf2 Re7 37. Rd1 Ng4 38. Qg3 Rd8 39. Bc6 Rf7 40.
Rxd6 Bf4 41. Qb3 Rxd6 42. Qxf7 Rf6 43. Qe8 Ne5 44. Bb7 h4 45. Qc8 Kg5 46. Bxa6
h3 47. Bxb5 h2 48. Qh8 Ng4 49. Be2 Be5 50. Ka2 Rf2 51. Qd8+ Nf6 52. Qd1 Rxe2
53. a6 Rxe4 54. Kb3 Rd4 55. Qe1 Ng4 56. a7 Rd8 57. Qe4 Kh6 58. c4 Re8 59. Qc6
Rf8 60. Qe4 g5 61. c5 Nf2 62. Qxe5 h1=Q 63. Qd6+ Kg7 64. Qe7+ Rf7 65. Qe5+ Kh7
66. Qb8 Qb7+ 0-1

[Event "Grand Pacifc op"]
[Site "Victoria CAN"]
[Date "2022.04.15"]
[Round "2.10"]
[White "Patterson, Roger"]
[Black "Wang, Jerry"]
[Result "1-0"]
[WhiteElo "2056"]
[BlackElo "1882"]
[PlyCount "69"]
[EventDate "2022.04.15"]
[EventType "swiss"]
[EventRounds "6"]
[EventCountry "CAN"]

1. c4 c5 2. Nc3 Nc6 3. g3 g6 4. Bg2 Bg7 5. e4 e5 6. Nge2 Nge7 7. O-O O-O 8. d3
d6 9. a3 Bd7 10. Rb1 a5 11. f4 f6 12. Nd5 Nxd5 13. exd5 Nd4 14. Nxd4 exd4 15.
b4 axb4 16. axb4 b6 17. Be4 f5 18. Bf3 Qc7 19. Qb3 Rfb8 20. Bd2 Ba4 21. Qb2 b5
22. bxc5 bxc4 23. cxd6 Qxd6 24. Bb4 c3 25. Bxd6 Rxb2 26. Rxb2 cxb2 27. Rb1 Bc2
28. Rxb2 Bxd3 29. Be5 Ba6 30. d6 Rd8 31. Bd5+ Kf8 32. Rb6 Be2 33. Rb7 Bxe5 34.
fxe5 d3 35. Kf2 1-0

[Event "Grand Pacifc op"]
[Site "Victoria CAN"]
[Date "2022.04.16"]
[Round "3.6"]
[White "Haessel, Dave"]
[Black "Trenton, Isaak"]
[Result "1-0"]
[WhiteElo "2238"]
[BlackElo "1833"]
[PlyCount "59"]
[EventDate "2022.04.15"]
[EventType "swiss"]
[EventRounds "6"]
[EventCountry "CAN"]

1. d4 Nf6 2. c4 g6 3. Nc3 d5 4. cxd5 Nxd5 5. e4 Nxc3 6. bxc3 Bg7 7. Qa4+ Nd7 8.
Be3 c5 9. Rc1 O-O 10. Nf3 a6 11. Qa3 cxd4 12. cxd4 Nf6 13. Bd3 Bd7 14. O-O Bb5
15. Rfd1 Bxd3 16. Qxd3 Rc8 17. d5 Qd7 18. e5 Ng4 19. Bf4 Rxc1 20. Rxc1 Rc8 21.
Rxc8+ Qxc8 22. h3 Nh6 23. Qd2 Qf8 24. d6 exd6 25. exd6 f6 26. d7 Nf7 27. Bc7
Nd8 28. Qd5+ Kh8 29. Bxd8 Qxd8 30. Qf7 1-0

[Event "Grand Pacifc op"]
[Site "Victoria CAN"]
[Date "2022.04.16"]
[Round "3.8"]
[White "Wu, Charles"]
[Black "Patterson, Roger"]
[Result "0-1"]
[WhiteElo "1855"]
[BlackElo "2056"]
[PlyCount "106"]
[EventDate "2022.04.15"]
[EventType "swiss"]
[EventRounds "6"]
[EventCountry "CAN"]

1. d4 Nf6 2. Bf4 g6 3. Nc3 Bg7 4. e4 O-O 5. e5 Ne8 6. Nf3 d6 7. Qd2 Bg4 8. Be2
Nc6 9. exd6 cxd6 10. d5 Bxf3 11. Bxf3 Ne5 12. Be2 Rc8 13. O-O Qa5 14. Bh6 Nf6
15. Bxg7 Kxg7 16. f4 Nc4 17. Bxc4 Rxc4 18. Qe2 Qc5+ 19. Kh1 Nxd5 20. Nxd5 Qxd5
21. Rad1 Qe4 22. Qxe4 Rxe4 23. Rde1 Rxe1 24. Rxe1 Rc8 25. c3 e6 26. g3 d5 27.
Re2 Kf6 28. Kg2 Ke7 29. Kf3 Kd6 30. Ke3 f6 31. Kd3 e5 32. fxe5+ fxe5 33. Rf2
Ke6 34. g4 Ke7 35. Re2 Kf6 36. Rf2+ Ke7 37. Re2 Ke6 38. Rf2 Rc4 39. h3 Rf4 40.
Rh2 Rf3+ 41. Ke2 e4 42. h4 Ke5 43. g5 Kf4 44. h5 Kxg5 45. hxg6 Kxg6 46. Rg2+
Kf6 47. Rh2 Rg3 48. Kf2 Rg7 49. Ke3 Re7 50. Rh6+ Ke5 51. Rh5+ Kd6 52. Kd4 e3
53. Rxd5+ Kc6 0-1

[Event "Grand Pacifc op"]
[Site "Victoria CAN"]
[Date "2022.04.16"]
[Round "4.1"]
[White "Javidfard, Amirsalar"]
[Black "Neil, Doknjas"]
[Result "1-0"]
[WhiteElo "2197"]
[BlackElo "2241"]
[PlyCount "99"]
[EventDate "2022.04.15"]
[EventType "swiss"]
[EventRounds "6"]
[EventCountry "CAN"]

1. d4 Nf6 2. c4 e6 3. Nf3 d5 4. Nc3 Be7 5. Bf4 O-O 6. c5 c6 7. e3 Nh5 8. Bd3
Nxf4 9. exf4 Qc7 10. g3 b6 11. b4 a5 12. a3 Nd7 13. O-O Ba6 14. Ne5 Bxd3 15.
Qxd3 Nxe5 16. fxe5 f6 17. exf6 gxf6 18. Rae1 axb4 19. axb4 bxc5 20. Rxe6 cxb4
21. Rfe1 Rf7 22. Ne2 Bd6 23. Qf5 Re7 24. Nf4 Rae8 25. Nh5 Rxe6 26. Rxe6 Rxe6
27. Qxe6+ Qf7 28. Nxf6+ Kg7 29. Ne8+ Kg8 30. Nf6+ Kg7 31. Qxd6 Qxf6 32. Qxb4 h6
33. Qc3 Kg6 34. Qd3+ Kf7 35. Kg2 Ke6 36. Qe3+ Kd7 37. h3 Qf5 38. Qf3 Qh7 39. g4
Qg7 40. Qf5+ Kd6 41. Qf4+ Kd7 42. h4 Kc8 43. Kf3 Kb7 44. g5 hxg5 45. hxg5 c5
46. Qf6 Qc7 47. g6 Qa5 48. Qe7+ Kb8 49. g7 Qc3+ 50. Qe3 1-0

[Event "Grand Pacifc op"]
[Site "Victoria CAN"]
[Date "2022.04.16"]
[Round "4.3"]
[White "Dave, Bhavik"]
[Black "Hempstapat, Andrew"]
[Result "0-1"]
[WhiteElo "1981"]
[BlackElo "2245"]
[PlyCount "100"]
[EventDate "2022.04.15"]
[EventType "swiss"]
[EventRounds "6"]
[EventCountry "CAN"]

1. d4 Nf6 2. c4 g6 3. Nc3 Bg7 4. e4 d6 5. Be2 O-O 6. Nf3 e5 7. dxe5 dxe5 8.
Qxd8 Rxd8 9. Nd5 Na6 10. Bg5 Rd6 11. Bxf6 Bxf6 12. b4 Bd8 13. c5 Re6 14. Bc4 c6
15. Ne3 Nxb4 16. Bxe6 Bxe6 17. Rb1 Nd3+ 18. Ke2 Nxc5 19. Rhc1 Be7 20. Nxe5 Bxa2
21. Rb2 Be6 22. f4 Bc8 23. Rc4 f6 24. Nd3 Nxd3 25. Kxd3 Kf7 26. g4 a5 27. h4 a4
28. f5 a3 29. Ra2 Bd7 30. Rd4 Be8 31. Nc4 b5 32. Nd6+ Kf8 33. Nxe8 Rxe8 34. Kc3
Rb8 35. fxg6 hxg6 36. h5 gxh5 37. gxh5 c5 38. Rd3 Kf7 39. Rh3 Kg7 40. Kb3 c4+
41. Kc3 Rc8 42. Kd4 b4 43. h6+ Kh7 44. Rg2 Bf8 45. e5 c3 46. exf6 c2 47. Rg7+
Bxg7 48. hxg7+ Kg6 49. Rh1 Kxf6 50. Kd3 Kxg7 0-1

[Event "Grand Pacifc op"]
[Site "Victoria CAN"]
[Date "2022.04.16"]
[Round "4.6"]
[White "Patterson, Roger"]
[Black "Forde, Stephen"]
[Result "1-0"]
[WhiteElo "2056"]
[BlackElo "1805"]
[PlyCount "73"]
[EventDate "2022.04.15"]
[EventType "swiss"]
[EventRounds "6"]
[EventCountry "CAN"]

1. c4 Nf6 2. Nc3 g6 3. e4 e5 4. g3 Bg7 5. Bg2 O-O 6. Nge2 d6 7. d4 exd4 8. Nxd4
a5 9. O-O Nbd7 10. Bf4 Nc5 11. Qd2 Re8 12. Rfe1 Ne6 13. Nxe6 Bxe6 14. b3 Qd7
15. Rac1 Rad8 16. Nd5 Ra8 17. Bg5 Bxd5 18. cxd5 a4 19. b4 Rec8 20. Be3 Ne8 21.
Bd4 c6 22. dxc6 Rxc6 23. Bxg7 Nxg7 24. e5 Rxc1 25. Rxc1 Rd8 26. Qd5 Ne8 27.
Qxb7 Qxb7 28. Bxb7 Rb8 29. Rc8 Rxc8 30. Bxc8 dxe5 31. Bd7 Nc7 32. Bxa4 Kf8 33.
Bb3 Ke7 34. Kf1 g5 35. Bc4 f6 36. a4 Kd6 37. Ke2 1-0

[Event "Grand Pacifc op"]
[Site "Victoria CAN"]
[Date "2022.04.16"]
[Round "4.8"]
[White "Setiadikurnia, Sloan"]
[Black "Landre, Geraldo Barbosa"]
[Result "1-0"]
[WhiteElo "2113"]
[BlackElo "1810"]
[PlyCount "55"]
[EventDate "2022.04.15"]
[EventType "swiss"]
[EventRounds "6"]
[EventCountry "CAN"]

1. d4 e6 2. Nf3 d5 3. c4 Nf6 4. g3 Be7 5. Bg2 O-O 6. O-O c6 7. Nbd2 Nbd7 8. Qc2
b6 9. e4 dxc4 10. Qxc4 Bb7 11. e5 Nd5 12. Ne4 Qc7 13. Bg5 c5 14. Rac1 f6 15.
exf6 gxf6 16. Bh6 Rf7 17. Rfe1 Rc8 18. dxc5 bxc5 19. Ned2 e5 20. Qg4+ Kh8 21.
Qe6 Bf8 22. Qxf7 Bxh6 23. Qh5 Bg7 24. Nh4 Ne7 25. Bxb7 Qxb7 26. Nc4 Rg8 27. Nd6
Qc6 28. Nf7# 1-0

[Event "Grand Pacifc op"]
[Site "Victoria CAN"]
[Date "2022.04.16"]
[Round "4.9"]
[White "Tolentino, Patrick"]
[Black "Taylor, Ashton"]
[Result "1-0"]
[WhiteElo "2204"]
[BlackElo "1875"]
[PlyCount "77"]
[EventDate "2022.04.15"]
[EventType "swiss"]
[EventRounds "6"]
[EventCountry "CAN"]

1. e4 e5 2. Nf3 Nf6 3. d4 Nxe4 4. Bd3 d5 5. Nxe5 Nd7 6. Nxd7 Bxd7 7. O-O Bd6 8.
Nc3 Nxc3 9. bxc3 O-O 10. Qh5 f5 11. Re1 Qf6 12. Qf3 c6 13. Bf4 Rae8 14. c4
Rxe1+ 15. Rxe1 Re8 16. Rxe8+ Bxe8 17. Bxd6 Qxd6 18. Qxf5 g6 19. Qc8 Qd7 20.
Qxd7 Bxd7 21. cxd5 cxd5 22. h4 b5 23. c3 Kf7 24. Kh2 Kf6 25. Kg3 h5 26. Kf4 Bc6
27. f3 Bd7 28. g4 Be8 29. Bf1 hxg4 30. fxg4 a6 31. a3 Ke6 32. Kg5 Kf7 33. Bd3
Kg7 34. h5 gxh5 35. gxh5 Bd7 36. h6+ Kg8 37. Kf6 Bg4 38. Ke5 Bf3 39. Bf5 1-0

[Event "Grand Pacifc op"]
[Site "Victoria CAN"]
[Date "2022.04.16"]
[Round "4.10"]
[White "Trenton, Isaac"]
[Black "Wu, Nathan"]
[Result "1/2-1/2"]
[WhiteElo "1833"]
[BlackElo "2054"]
[PlyCount "121"]
[EventDate "2022.04.15"]
[EventType "swiss"]
[EventRounds "6"]
[EventCountry "CAN"]

1. e4 d5 2. exd5 Qxd5 3. Nc3 Qd6 4. d4 c6 5. Bc4 Nf6 6. Nge2 Bf5 7. Bf4 Qb4 8.
Bb3 e6 9. Qd2 Qa5 10. O-O-O Nbd7 11. f3 Bb4 12. a3 Bxa3 13. Ng3 Bb4 14. Kb1 Bg6
15. h4 h6 16. Rhe1 Bxc3 17. bxc3 Nd5 18. Kb2 Nxf4 19. Qxf4 O-O 20. Ne4 Qd8 21.
h5 Bxe4 22. fxe4 a5 23. d5 a4 24. Bc4 Nb6 25. Bd3 a3+ 26. Ka1 cxd5 27. exd5
Nxd5 28. Qe4 Nf6 29. Qxb7 Qa5 30. Qb4 Qxh5 31. Rb1 Qh2 32. Be4 Nxe4 33. Qxe4
Qc7 34. Rb3 Rfb8 35. Qf3 Qa7 36. Reb1 Rxb3 37. cxb3 a2 38. Rd1 Qa3 39. Qb7 Qa5
40. b4 Qa7 41. Qf3 Re8 42. Rf1 Re7 43. Qe2 Qa3 44. Qd2 Re8 45. c4 Rc8 46. Rc1
Qa4 47. c5 Rb8 48. c6 Rc8 49. c7 Kh7 50. Qd3+ g6 51. b5 Qf4 52. Qc3 Qd6 53.
Kxa2 Qd5+ 54. Qb3 Qd2+ 55. Rc2 Qa5+ 56. Kb2 Rxc7 57. Rxc7 Qxc7 58. b6 Qe5+ 59.
Ka3 Qa5+ 60. Kb2 Qe5+ 61. Ka3 1/2-1/2

[Event "Grand Pacifc op"]
[Site "Victoria CAN"]
[Date "2022.04.17"]
[Round "5.1"]
[White "Haessel, Dave"]
[Black "Javidfard, Amirsalar"]
[Result "1-0"]
[WhiteElo "2238"]
[BlackElo "2197"]
[PlyCount "59"]
[EventDate "2022.04.15"]
[EventType "swiss"]
[EventRounds "6"]
[EventCountry "CAN"]

1. d4 d5 2. c4 e6 3. Nc3 Bb4 4. cxd5 exd5 5. Bf4 Nf6 6. e3 O-O 7. Bd3 c5 8.
Nge2 Nc6 9. O-O Re8 10. Bg5 Bxc3 11. Nxc3 cxd4 12. exd4 Be6 13. Bc2 h6 14. Bh4
Rc8 15. Re1 g5 16. Bg3 Qb6 17. Ne2 Qxb2 18. Rb1 Qxa2 19. Rxb7 a5 20. Nc3 Qc4
21. Nb5 Nb4 22. Bb3 Qc6 23. Nd6 Red8 24. Ba4 Qa6 25. Bb5 Qa8 26. Re7 Nc2 27.
R1xe6 fxe6 28. Nxc8 Qxc8 29. Rc7 Qb8 30. Qxc2 1-0

[Event "Grand Pacifc op"]
[Site "Victoria CAN"]
[Date "2022.04.17"]
[Round "5.2"]
[White "Taylor, Tristan"]
[Black "Doknjas, John"]
[Result "0-1"]
[WhiteElo "1999"]
[BlackElo "2314"]
[PlyCount "72"]
[EventDate "2022.04.15"]
[EventType "swiss"]
[EventRounds "6"]
[EventCountry "CAN"]

1. e4 e5 2. Nf3 Nc6 3. Bc4 Bc5 4. c3 Nf6 5. d4 exd4 6. e5 d5 7. Bb5 Ne4 8. cxd4
Bb6 9. Nc3 O-O 10. Be3 f6 11. Qb3 Nxc3 12. bxc3 fxe5 13. Bxc6 bxc6 14. Nxe5 Qd6
15. O-O c5 16. a4 cxd4 17. cxd4 c5 18. dxc5 Bxc5 19. Bxc5 Qxc5 20. Rac1 Qd6 21.
Nc6 Be6 22. Rfe1 Rfe8 23. Nd4 Bf7 24. Nb5 Qb6 25. Qg3 Qa5 26. Red1 Re7 27. Nd4
Rae8 28. h3 Rd7 29. Qg4 Rc7 30. Rxc7 Qxc7 31. Nb5 Qe5 32. Nxa7 Bh5 33. Qd4 Bxd1
34. Qxd1 Qe1+ 35. Qxe1 Rxe1+ 36. Kh2 d4 0-1

[Event "Grand Pacifc op"]
[Site "Victoria CAN"]
[Date "2022.04.17"]
[Round "5.3"]
[White "Hempstapat, Andrew"]
[Black "Patterson, Roger"]
[Result "1-0"]
[WhiteElo "2245"]
[BlackElo "2056"]
[PlyCount "79"]
[EventDate "2022.04.15"]
[EventType "swiss"]
[EventRounds "6"]
[EventCountry "CAN"]

1. e4 c5 2. Nf3 e6 3. Nc3 a6 4. d4 cxd4 5. Nxd4 Nc6 6. f4 d6 7. Be3 Bd7 8. Qf3
Qc7 9. g4 Nxd4 10. Bxd4 Ne7 11. O-O-O Nc6 12. Bf2 Rc8 13. Bd3 Nb4 14. Kb1 Be7
15. g5 b5 16. Rc1 Nxd3 17. cxd3 Qb7 18. Rhg1 b4 19. Ne2 Rxc1+ 20. Nxc1 O-O 21.
Qd1 f5 22. gxf6 Bxf6 23. Ne2 a5 24. Ng3 a4 25. Nh5 Be8 26. Nxf6+ Rxf6 27. Bd4
Rg6 28. Re1 Rh6 29. Qg4 Qe7 30. Qg3 Rg6 31. Qf2 Bb5 32. f5 Rh6 33. Qg3 e5 34.
Be3 Bxd3+ 35. Ka1 Rh5 36. Bd2 Bc2 37. Bxb4 Qh4 38. Qc3 Bxe4 39. Qc8+ Kf7 40.
Qe6+ 1-0

[Event "Grand Pacifc op"]
[Site "Victoria CAN"]
[Date "2022.04.17"]
[Round "5.4"]
[White "Doknjas, Neil"]
[Black "Lin, Leo"]
[Result "1-0"]
[WhiteElo "2241"]
[BlackElo "2083"]
[PlyCount "57"]
[EventDate "2022.04.15"]
[EventType "swiss"]
[EventRounds "6"]
[EventCountry "CAN"]

1. e4 c5 2. Nf3 d6 3. d4 cxd4 4. Nxd4 Nf6 5. Nc3 a6 6. f3 e5 7. Nb3 Be6 8. Be3
Be7 9. Qd2 h5 10. Nd5 Nxd5 11. exd5 Bf5 12. Be2 Nd7 13. O-O Rc8 14. c4 O-O 15.
Na5 Qc7 16. b4 Bf6 17. Rac1 b6 18. Nc6 Rfe8 19. a4 h4 20. a5 bxa5 21. Nxa5 Bd8
22. Nc6 Nb6 23. Ra1 Qb7 24. c5 Nxd5 25. Bxa6 Qxc6 26. b5 Qc7 27. Qxd5 Be6 28.
Qc6 Rb8 29. Qxe8+ 1-0

[Event "Grand Pacifc op"]
[Site "Victoria CAN"]
[Date "2022.04.17"]
[Round "5.5"]
[White "Setiadikurnia, Sloan"]
[Black "Huang, Patrick"]
[Result "1/2-1/2"]
[WhiteElo "2113"]
[BlackElo "2240"]
[PlyCount "160"]
[EventDate "2022.04.15"]
[EventType "swiss"]
[EventRounds "6"]
[EventCountry "CAN"]

1. d4 Nf6 2. c4 e6 3. Nc3 Bb4 4. e3 Bxc3+ 5. bxc3 O-O 6. Bd3 d6 7. Nf3 Nc6 8.
e4 e5 9. d5 Na5 10. h3 Qe8 11. Nd2 b6 12. Bc2 Nd7 13. O-O Nc5 14. Ba3 Ba6 15.
Bxc5 dxc5 16. Ba4 Qe7 17. Bb5 Bc8 18. Nb3 Nb7 19. Bc6 Rb8 20. Bxb7 Rxb7 21. Re1
Rb8 22. Re3 Ba6 23. Nd2 Rbd8 24. Qa4 Bc8 25. Qxa7 Rd6 26. Nf1 g6 27. Rae1 Kg7
28. R3e2 Rf6 29. Ne3 Qd6 30. a4 h5 31. a5 bxa5 32. Ra1 Rf4 33. Rxa5 Rxe4 34.
Qxc5 Qf6 35. f3 Rh4 36. Qxc7 Bxh3 37. gxh3 Rxh3 38. Ng2 Re8 39. Rf2 Rxf3 40.
Rxf3 Qxf3 41. Ra1 Qxc3 42. Rf1 Rf8 43. Qe7 Qd4+ 44. Kh2 e4 45. d6 Qxc4 46. Qf6+
Kg8 47. Kh1 Qe6 48. Qxe6 fxe6 49. Rd1 Rd8 50. Kh2 Kf7 51. Ne3 e5 52. Kg3 Ke6
53. Nc4 g5 54. d7 Rxd7 55. Rxd7 Kxd7 56. Nxe5+ Ke6 57. Nc4 Kd5 58. Ne3+ Kd4 59.
Kf2 Kd3 60. Ng2 Kd2 61. Ne3 g4 62. Nf5 Kd3 63. Kf1 e3 64. Ke1 Ke4 65. Ng3+ Kf3
66. Nxh5 e2 67. Ng7 g3 68. Ne6 Ke3 69. Ng5 Kf4 70. Kxe2 Kxg5 71. Kf3 Kh4 72.
Kg2 Kg4 73. Kg1 Kf3 74. Kf1 Ke3 75. Kg2 Kf4 76. Kg1 Kg4 77. Kg2 Kh4 78. Kg1 Kh3
79. Kh1 g2+ 80. Kg1 Kg3 1/2-1/2

[Event "Grand Pacifc op"]
[Site "Victoria CAN"]
[Date "2022.04.17"]
[Round "5.6"]
[White "Bian, Erin"]
[Black "Tolentino, Patrick"]
[Result "1/2-1/2"]
[WhiteElo "1938"]
[BlackElo "2204"]
[PlyCount "46"]
[EventDate "2022.04.15"]
[EventType "swiss"]
[EventRounds "6"]
[EventCountry "CAN"]

1. e4 c6 2. c4 d5 3. exd5 cxd5 4. cxd5 Nf6 5. Qa4+ Nbd7 6. Nc3 g6 7. Nf3 Bg7 8.
Bc4 a6 9. d3 O-O 10. Qa3 b6 11. O-O Bb7 12. Re1 b5 13. Bb3 Re8 14. Be3 Nb6 15.
Bxb6 Qxb6 16. Qb4 Qd8 17. Rac1 Nxd5 18. Qe4 e6 19. Nxd5 Bxd5 20. Bxd5 exd5 21.
Qxe8+ Qxe8 22. Rxe8+ Rxe8 23. Rc2 h6 1/2-1/2

[Event "Grand Pacifc op"]
[Site "Victoria CAN"]
[Date "2022.04.17"]
[Round "5.7"]
[White "Xu, Andrew"]
[Black "Dave, Bhavik"]
[Result "1-0"]
[WhiteElo "1810"]
[BlackElo "1981"]
[PlyCount "105"]
[EventDate "2022.04.15"]
[EventType "swiss"]
[EventRounds "6"]
[EventCountry "CAN"]

1. e4 e5 2. Nf3 Nc6 3. Bb5 a6 4. Ba4 Nf6 5. O-O Be7 6. Qe2 b5 7. Bb3 O-O 8. c3
d6 9. h3 Nb8 10. d4 Nbd7 11. Rd1 Bb7 12. dxe5 Nxe4 13. Bc2 Nec5 14. b4 Bxf3 15.
gxf3 Ne6 16. Qe4 g6 17. f4 Ng7 18. Nd2 Qc8 19. Nf3 Re8 20. Bb3 Nb6 21. Kh2 Qf5
22. Qc6 Qd7 23. Nd4 Qxc6 24. Nxc6 Nf5 25. Bc2 Nc4 26. a4 Bh4 27. Bxf5 gxf5 28.
Rg1+ Kh8 29. Be3 Nxe3 30. fxe3 Bf2 31. Rg5 Bxe3 32. Rxf5 dxe5 33. fxe5 bxa4 34.
Rxa4 Kg7 35. Rf3 Bb6 36. b5 Re6 37. Rg3+ Kf8 38. c4 Rae8 39. Rxa6 Rxc6 40. bxc6
Rxe5 41. Ra2 Ke7 42. Rd2 Bc5 43. Rd7+ Ke6 44. Rd8 Bd6 45. Re8+ Be7 46. c5 Kd5
47. Rg7 Ke6 48. Rxh7 Re2+ 49. Kg1 Kd5 50. Kf1 Re3 51. Rxf7 Bxc5 52. Rxe3 Bxe3
53. Rxc7 1-0

[Event "Grand Pacifc op"]
[Site "Victoria CAN"]
[Date "2022.04.17"]
[Round "5.8"]
[White "Landre, Geraldo Barbosa"]
[Black "Jiang, Kate"]
[Result "1-0"]
[WhiteElo "1810"]
[BlackElo "1964"]
[PlyCount "93"]
[EventDate "2022.04.15"]
[EventType "swiss"]
[EventRounds "6"]
[EventCountry "CAN"]

1. d4 d5 2. c4 c6 3. cxd5 cxd5 4. Nf3 Nf6 5. Nc3 Nc6 6. Bf4 Bf5 7. e3 a6 8. Ne5
Qb6 9. Nxc6 Qxc6 10. Rc1 Rc8 11. f3 e6 12. e4 dxe4 13. Nxe4 Bb4+ 14. Kf2 Qd7
15. Rxc8+ Qxc8 16. Nxf6+ gxf6 17. Qa4+ Qd7 18. Qxb4 Qd5 19. Be2 Kd7 20. Rc1 Rc8
21. Rxc8 Kxc8 22. Qf8+ Qd8 23. Qc5+ Kd7 24. Qd6+ Ke8 25. Qxd8+ Kxd8 26. Ke3 Kd7
27. Bd3 Bg6 28. g4 Kc6 29. h4 Kd5 30. Be4+ Kc4 31. Bxb7 a5 32. Be4 h5 33. Bd6
a4 34. Be7 f5 35. Bd3+ Kd5 36. gxf5 exf5 37. Bc5 f4+ 38. Kd2 f5 39. Kc3 Ke6 40.
Bb5 Kf6 41. d5 Bf7 42. d6 Bxa2 43. d7 Bf7 44. d8=Q+ Kg7 45. Bd4+ Kh6 46. Qf8+
Kg6 47. Qg7# 1-0

[Event "Grand Pacifc op"]
[Site "Victoria CAN"]
[Date "2022.04.17"]
[Round "5.9"]
[White "Forde, Stephen"]
[Black "Bacon, Craig"]
[Result "1-0"]
[WhiteElo "1805"]
[BlackElo "1887"]
[PlyCount "84"]
[EventDate "2022.04.15"]
[EventType "swiss"]
[EventRounds "6"]
[EventCountry "CAN"]

1. e4 d6 2. Nf3 Bg4 3. Be2 Nf6 4. c3 Nbd7 5. Qc2 e5 6. O-O Be7 7. d4 O-O 8. Rd1
exd4 9. cxd4 d5 10. e5 Ne4 11. h3 Bf5 12. Qb3 Nb6 13. Nbd2 c5 14. Nxe4 dxe4 15.
dxc5 Nd7 16. Nd4 Bg6 17. Nb5 Qc8 18. Bg4 Nxc5 19. Qc4 Qc6 20. Nd6 Nd3 21. Qxc6
bxc6 22. Nc4 Bc5 23. Be3 Bxe3 24. fxe3 h5 25. Be2 Rfe8 26. b3 Rad8 27. Rd2 Rd5
28. Rad1 Red8 29. Kh2 h4 30. g3 hxg3+ 31. Kxg3 Nc1 32. Rxc1 Rxd2 33. Nxd2 Rxd2
34. Bf1 Rxa2 35. Rxc6 Ra5 36. Bc4 Rxe5 37. Rxg6 Re7 38. Kf4 Kh7 39. Ra6 g6 40.
Bd5 f5 41. Kg5 Re5 42. Rxa7+ Kh8 1-0

[Event "Grand Pacifc op"]
[Site "Victoria CAN"]
[Date "2022.04.17"]
[Round "5.10"]
[White "Taylor, Ashton"]
[Black "Wu, Nathan"]
[Result "1/2-1/2"]
[WhiteElo "1875"]
[BlackElo "2054"]
[PlyCount "43"]
[EventDate "2022.04.15"]
[EventType "swiss"]
[EventRounds "6"]
[EventCountry "CAN"]

1. e4 d5 2. exd5 Qxd5 3. Nc3 Qd6 4. d4 c6 5. Nf3 Nf6 6. Ne5 Bf5 7. Bf4 Qb4 8.
Nc4 Ne4 9. a3 Nxc3 10. axb4 Nxd1 11. Nb6 Nd7 12. Nxa8 Nxb2 13. Ra2 e5 14. Bd2
Bd6 15. Rxb2 O-O 16. Bd3 Bxd3 17. cxd3 exd4 18. O-O Rxa8 19. Re1 Nf6 20. Bg5
Nd5 21. b5 f6 22. Bh4 1/2-1/2